اقبال کا کر ی نظام / (Record no. 197360)

MARC details
000 -LEADER
fixed length control field 00687nam a22002057a 4500
005 - DATE AND TIME OF LATEST TRANSACTION
control field 20230822142527.0
010 ## - LCCN (DPL NO)
LC control number UR-12152
020 ## - INTERNATIONAL STANDARD BOOK NUMBER
International Standard Book Number 9788119035113
Terms of availability 200.00
035 ## - SYSTEM CONTROL NUMBER
System control number U-10707
037 ## - SOURCE OF ACQUISITION
Source of stock number/acquisition DBAD/PUB
082 ## - DEWEY DECIMAL CLASSIFICATION NUMBER
Classification number 841
100 ## - MAIN ENTRY--PERSONAL NAME
Personal name شیخ ، آفاق انجم
245 ## - TITLE STATEMENT
Title اقبال کا کر ی نظام /
Statement of responsibility, etc آفاق انجم شیخ
246 ## - VARYING FORM OF TITLE
Title proper/short title Iqbal ka fikri nizam /
Remainder of title by Aafaq Anjum Shaikh
260 ## - PUBLICATION, DISTRIBUTION, ETC. (IMPRINT)
Place of publication, distribution, etc Amravati
Name of publisher, distributor, etc Urdu Publications
Date of publication, distribution, etc 2023 ء
270 ## - ADDRESS
Address Adabistan, Near Wahid Khan Urdu D.ED College, Walgaon Road
City Amravati
Postal code 444601
300 ## - PHYSICAL DESCRIPTION
Extent 100 ص
Dimensions 23cm(pbk)
500 ## - GENERAL NOTE
General note Tazkira Sufia-e-Bihar
942 ## - ADDED ENTRY ELEMENTS (KOHA)
Source of classification or shelving scheme Dewey Decimal Classification
Item type Urdu Bks
Call number suffix ش ی خ
Edition
Classification part 841
Holdings
Withdrawn status Lost status Not for loan Collection code Home library Current library Date acquired Source of acquisition Cost, normal purchase price Full call number Barcode Copy number Cost, replacement price Koha item type
      Non-fiction Kadipur Kadipur 22/08/2023 DBAD/PUB 200.00 841 ش ی خ U-10707 1 200.00 Urdu Bks

© Delhi Public Library
Hit Counter
free hit counter